[Event "World Blitz 2025"]
[Site "Doha QAT"]
[Date "2025.12.29"]
[Round "6.126"]
[White "Al-Kuwari, Hamad"]
[Black "Al-Mansouri, Fahad"]
[Result "0-1"]
[WhiteTitle "CM"]
[WhiteElo "1809"]
[BlackElo "1607"]
[WhiteFideId "12102679"]
[BlackFideId "12102407"]
[EventDate "2025.12.29"]

1. e4 c5 2. Nf3 g6 3. d4 cxd4 4. Nxd4 Bg7 5. c4 Nc6 6. Be3 Nf6 7. Nc3 O-O 8. Be2
d6 9. Qd2 Nxd4 10. Bxd4 Bd7 11. h4 a5 12. h5 Bc6 13. f3 a4 14. g4 a3 15. b3 Qa5
16. hxg6 hxg6 17. g5 Nh5 18. Bxg7 Kxg7 19. f4 Nxf4 20. Qxf4 Qxc3+ 21. Kf2 Qe5
22. Qh4 Rh8 23. Qg4 Qxe4 24. Qg3 Qf5+ 0-1

[Event "World Blitz 2025"]
[Site "Doha QAT"]
[Date "2025.12.29"]
[Round "7.1"]
[White "Carlsen, Magnus"]
[Black "Salem, A.R. Saleh"]
[Result "1-0"]
[WhiteTitle "GM"]
[BlackTitle "GM"]
[WhiteElo "2840"]
[BlackElo "2635"]
[WhiteFideId "1503014"]
[BlackFideId "9301348"]
[EventDate "2025.12.29"]

1. e4 c5 2. Nf3 d6 3. Bc4 Nf6 4. d3 e6 5. O-O Be7 6. a4 O-O 7. Bb3 Nc6 8. c3 a6
9. Re1 e5 10. Nbd2 Rb8 11. Nf1 h6 12. Ne3 b5 13. axb5 axb5 14. Nd5 Re8 15. Nd2
Bf8 16. Nxf6+ Qxf6 17. Nf1 Be6 18. Ra6 Rec8 19. Ne3 Ra8 20. Rxa8 Rxa8 21. Bd5
Bxd5 22. Nxd5 Qd8 23. Qb3 Qa5 24. Kf1 Qa4 25. Qxa4 Rxa4 26. Be3 Ra2 27. Rb1 c4
28. Ke2 Na5 29. Nc7 b4 30. cxb4 c3 31. Kd1 Rxb2 32. Rxb2 cxb2 33. Kc2 Nc6 34.
Nd5 1-0

[Event "World Blitz 2025"]
[Site "Doha QAT"]
[Date "2025.12.29"]
[Round "7.2"]
[White "Abdusattorov, Nodirbek"]
[Black "Van Foreest, Jorden"]
[Result "1-0"]
[WhiteTitle "GM"]
[BlackTitle "GM"]
[WhiteElo "2732"]
[BlackElo "2692"]
[WhiteFideId "14204118"]
[BlackFideId "1039784"]
[EventDate "2025.12.29"]

1. e4 c6 2. d4 d5 3. Nc3 dxe4 4. Nxe4 Bf5 5. Ng3 Bg6 6. h4 h6 7. Be3 Nf6 8. h5
Bh7 9. Bd3 Bxd3 10. Qxd3 Qa5+ 11. Bd2 Qb5 12. Qxb5 cxb5 13. a4 bxa4 14. Rxa4 e6
15. Nf3 Nc6 16. c4 Bd6 17. Ne2 Ne4 18. Nc3 Nxd2 19. Kxd2 O-O-O 20. Ke2 a6 21.
Rd1 Rhe8 22. c5 Bc7 23. b4 e5 24. d5 e4 25. Nh4 Be5 26. dxc6 Bxc3 27. Nf5 Rxd1
28. Kxd1 Be5 29. b5 Rd8+ 30. Ke2 axb5 31. Ra8+ Kc7 32. cxb7 Rb8 33. Rxb8 Kxb8
34. Ke3 b4 35. c6 b3 36. Kd2 Kc7 37. Ne7 Bd6 38. Nf5 Bf4+ 39. Kc3 Kxc6 40. Kxb3
Kxb7 41. Nxg7 Kc6 42. Kc4 Kd6 43. g3 e3 44. fxe3 Bg5 45. g4 Bxe3 46. Nf5+ Ke5
47. Nxe3 Kf4 48. Kd3 f6 49. Ke2 Kg3 50. Kd2 Kf4 51. Kd3 Kf3 52. Kd4 Kf4 53. Kd5
Kxe3 54. Ke6 Kf4 55. Kxf6 1-0

[Event "World Blitz 2025"]
[Site "Doha QAT"]
[Date "2025.12.29"]
[Round "7.3"]
[White "Firouzja, Alireza"]
[Black "Radjabov, Teimour"]
[Result "1-0"]
[WhiteTitle "GM"]
[BlackTitle "GM"]
[WhiteElo "2762"]
[BlackElo "2692"]
[WhiteFideId "12573981"]
[BlackFideId "13400924"]
[EventDate "2025.12.29"]

1. e4 e5 2. Nf3 Nc6 3. Bc4 Bc5 4. c3 Nf6 5. d3 h6 6. b4 Be7 7. Qb3 O-O 8. a4 d6
9. a5 Nb8 10. Nbd2 c6 11. Qa2 d5 12. Bb3 Qc7 13. O-O Be6 14. Re1 Nbd7 15. Nf1
Rad8 16. Ng3 Rfe8 17. Bd2 a6 18. Rac1 Bf8 19. c4 dxe4 20. dxe4 c5 21. b5 Bg4 22.
Nh4 g6 23. h3 Be6 24. Nf3 Kh7 25. Nh2 Rc8 26. Ba4 axb5 27. Bxb5 h5 28. Nf3 Kg8
29. Ng5 Re7 30. Nf1 Nb8 31. Ne3 Nc6 32. Nd5 Bxd5 33. cxd5 Nd4 34. d6 Qxd6 35.
Bc4 Qd7 36. Rb1 Rc6 37. Rb2 Ne8 38. Reb1 Nd6 39. Bd5 Rc7 40. Rb6 Nc6 41. Be3 c4
42. Bc5 Kg7 43. Bxd6 Qxd6 44. a6 bxa6 45. Qxc4 Na5 46. Qxa6 Qa3 47. Bxf7 Rc1+
48. Kh2 1-0

[Event "World Blitz 2025"]
[Site "Doha QAT"]
[Date "2025.12.29"]
[Round "7.4"]
[White "Erigaisi, Arjun"]
[Black "Makhnev, Denis"]
[Result "1-0"]
[WhiteTitle "GM"]
[BlackTitle "GM"]
[WhiteElo "2775"]
[BlackElo "2532"]
[WhiteFideId "35009192"]
[BlackFideId "13707647"]
[EventDate "2025.12.29"]

1. d4 d5 2. c4 e6 3. Nc3 Nf6 4. Nf3 h6 5. e3 a6 6. b3 Bb4 7. Bd2 b6 8. Bd3 Bb7
9. O-O Bd6 10. Qc2 Nbd7 11. e4 dxe4 12. Nxe4 O-O 13. Rad1 Nxe4 14. Bxe4 Bxe4 15.
Qxe4 a5 16. Bc3 Bb4 17. Bb2 Qe7 18. Qc2 Ba3 19. Bc3 Bb4 20. Bb2 Ba3 21. Ba1 Bb4
22. Rd3 Rfd8 23. Rfd1 Bd6 24. g3 Nf6 25. c5 Bf4 26. gxf4 Nd5 27. Qd2 Qf6 28. Ne5
Nxf4 29. Rf3 Qg5+ 30. Rg3 Qf5 31. cxb6 cxb6 32. Nc6 Rd7 33. d5 f6 34. d6 Kh8 35.
Ne7 Nh3+ 36. Kg2 Nf4+ 37. Kh1 Qe4+ 38. f3 Qe2 39. Qxe2 Nxe2 40. Rg4 e5 41. Ng6+
Kh7 42. Rd2 Rc8 43. Rxe2 h5 44. Rg1 1-0

[Event "World Blitz 2025"]
[Site "Doha QAT"]
[Date "2025.12.29"]
[Round "7.5"]
[White "Safarli, Eltaj"]
[Black "Bortnyk, Olexandr"]
[Result "1/2-1/2"]
[WhiteTitle "GM"]
[BlackTitle "GM"]
[WhiteElo "2644"]
[BlackElo "2601"]
[WhiteFideId "13402129"]
[BlackFideId "14120828"]
[EventDate "2025.12.29"]

1. e4 Nf6 2. e5 Nd5 3. d4 d6 4. Nf3 dxe5 5. Nxe5 c6 6. Be2 Bf5 7. O-O Nd7 8. Bd3
Bxd3 9. Nxd3 e6 10. Re1 Bd6 11. Nd2 O-O 12. Ne4 Be7 13. a4 a5 14. c3 Qc7 15. Bg5
Bxg5 16. Nxg5 h6 17. Ne4 e5 18. dxe5 Nxe5 19. Nxe5 Qxe5 20. Nc5 Qg5 21. Qf3 b6
22. Ne4 Qg6 23. Re2 Rfe8 24. Rae1 Re5 25. Qg3 Qxg3 26. hxg3 Kf8 27. Nd6 Rxe2 28.
Rxe2 Rd8 29. Nc4 1/2-1/2

[Event "World Blitz 2025"]
[Site "Doha QAT"]
[Date "2025.12.29"]
[Round "7.6"]
[White "Pranav, Anand"]
[Black "Bu, Xiangzhi"]
[Result "1/2-1/2"]
[WhiteTitle "GM"]
[BlackTitle "GM"]
[WhiteElo "2591"]
[BlackElo "2665"]
[WhiteFideId "46626786"]
[BlackFideId "8601445"]
[EventDate "2025.12.29"]

1. e4 e5 2. Nf3 Nf6 3. Nxe5 d6 4. Nf3 Nxe4 5. d4 d5 6. Bd3 Be7 7. O-O Nc6 8.
Nbd2 Bf5 9. Re1 Nxd2 10. Qxd2 Bg6 11. Bxg6 hxg6 12. Qd3 Qd7 13. Bf4 O-O-O 14. c3
Rde8 15. Re2 Bd8 16. Rae1 Rxe2 17. Qxe2 f6 18. Bg3 g5 19. b4 g4 20. Nd2 f5 21.
Nb3 Qe7 22. Qxe7 Nxe7 23. Nc5 Ng6 24. Re6 Bf6 25. Be5 Rf8 26. Bxf6 gxf6 27. a4
b6 28. Nd3 Kd7 29. Re1 a6 30. g3 Rh8 31. Kg2 Rh7 32. a5 Rh8 33. Ra1 Ra8 34. h4
gxh3+ 35. Kxh3 Kc6 36. g4 fxg4+ 37. Kxg4 Ne7 38. Re1 Kd7 39. Kf3 Rh8 40. Nf4 Rb8
41. Re6 bxa5 42. bxa5 Rb3 43. Rxa6 Rxc3+ 44. Kg4 Rc4 45. Rxf6 Rxd4 46. a6 Ra4
47. Kf3 Nc6 48. Nxd5 Rxa6 49. Rf7+ Ke6 50. Nxc7+ Kxf7 51. Nxa6 1/2-1/2

[Event "World Blitz 2025"]
[Site "Doha QAT"]
[Date "2025.12.29"]
[Round "7.7"]
[White "Lu, Shanglei"]
[Black "Esipenko, Andrey"]
[Result "1-0"]
[WhiteTitle "GM"]
[BlackTitle "GM"]
[WhiteElo "2643"]
[BlackElo "2698"]
[WhiteFideId "8603332"]
[BlackFideId "24175439"]
[EventDate "2025.12.29"]

1. e4 e5 2. Nf3 Nc6 3. d4 exd4 4. Nxd4 Nf6 5. Nxc6 bxc6 6. Qe2 Bc5 7. e5 Nd5 8.
c4 Ne7 9. Be3 Bb4+ 10. Bd2 Bxd2+ 11. Nxd2 O-O 12. O-O-O Ng6 13. g3 d6 14. exd6
cxd6 15. Bg2 Bf5 16. Nb3 Re8 17. Qd2 Ne5 18. Qc3 d5 19. cxd5 cxd5 20. Rxd5 Nd3+
21. Kb1 Qxd5 22. Bxd5 Rac8 23. Bxf7+ Kxf7 24. Qa5 Re5 25. Qxa7+ Re7 26. Qa5 Nc5+
27. Ka1 Nxb3+ 28. axb3 Be4 29. Re1 Ra8 30. Qa4 Bc6 31. Rxe7+ Kxe7 32. Qa3+ Ke6
33. Kb1 Rxa3 34. bxa3 Ke5 35. Kc2 Kd4 36. f4 Be4+ 37. Kd2 Bd5 38. Kc2 h5 39. b4
Kc4 40. Kd2 Kb3 41. Kd3 Kxa3 42. Kd4 Bf3 1-0

[Event "World Blitz 2025"]
[Site "Doha QAT"]
[Date "2025.12.29"]
[Round "7.8"]
[White "Dubov, Daniil"]
[Black "Indjic, Aleksandar"]
[Result "1/2-1/2"]
[WhiteTitle "GM"]
[BlackTitle "GM"]
[WhiteElo "2672"]
[BlackElo "2635"]
[WhiteFideId "24126055"]
[BlackFideId "911925"]
[EventDate "2025.12.29"]

1. d4 Nf6 2. Nf3 d6 3. c4 g6 4. Nc3 Bg7 5. e4 Bg4 6. Be2 Bxf3 7. Bxf3 e5 8. d5
h5 9. h4 Nbd7 10. g3 a5 11. Qc2 Nc5 12. Bg2 Qe7 13. Bh3 Bh6 14. Bxh6 Rxh6 15.
O-O-O Kf8 16. Kb1 Kg7 17. Rhf1 Rhh8 18. Rde1 Rae8 19. Qd2 Nfd7 20. Re3 Nb6 21.
Qe2 Rhf8 22. Rg1 Rh8 23. Ka1 a4 24. Nb1 Ra8 25. Nd2 c6 26. f4 Nbd7 27. Bxd7 Nxd7
28. Nf3 a3 29. b3 Qf6 30. f5 cxd5 31. cxd5 gxf5 32. Ng5 f4 33. gxf4 Kf8 34. f5
Ke7 35. Rc3 Rhc8 36. Rgc1 Qh8 37. Rc7 Rxc7 38. Rxc7 Rc8 39. Qc4 Rxc7 40. Qxc7
Qg7 41. Qc1 f6 42. Ne6 Qg2 43. Qxa3 Qg1+ 44. Kb2 Qf2+ 45. Kb1 Qe1+ 46. Kb2 Qe2+
47. Kc1 Qe3+ 48. Kd1 Qd3+ 49. Kc1 Qe3+ 50. Kd1 Qd3+ 51. Kc1 Qe3+ 1/2-1/2

[Event "World Blitz 2025"]
[Site "Doha QAT"]
[Date "2025.12.29"]
[Round "7.9"]
[White "Mamedov, Rauf"]
[Black "So, Wesley"]
[Result "0-1"]
[WhiteTitle "GM"]
[BlackTitle "GM"]
[WhiteElo "2645"]
[BlackElo "2753"]
[WhiteFideId "13401653"]
[BlackFideId "5202213"]
[EventDate "2025.12.29"]

1. e4 e5 2. Nc3 Nf6 3. g3 Bc5 4. Bg2 Nc6 5. d3 a5 6. h3 O-O 7. Nge2 Re8 8. O-O
Nd4 9. Kh2 h6 10. f4 d6 11. f5 c6 12. g4 d5 13. Ng3 b5 14. exd5 cxd5 15. g5 hxg5
16. Bxg5 Bb7 17. Nh5 Be7 18. Bxf6 Bxf6 19. Nxf6+ gxf6 20. Ne2 Nxe2 21. Qxe2 Qc7
22. Kh1 d4 23. Rg1 Kf8 24. c3 dxc3 25. Rac1 b4 26. bxc3 bxc3 27. Qe3 Ke7 28. Be4
Rg8 29. Rge1 Bxe4+ 30. Qxe4 Rab8 31. d4 Rb4 32. a3 Rc4 33. Qd3 Qc6+ 34. d5 Qc5
35. d6+ Kd7 36. Re4 Rd4 37. Rxd4 exd4 38. Re1 Qd5+ 39. Re4 Re8 0-1

[Event "World Blitz 2025"]
[Site "Doha QAT"]
[Date "2025.12.29"]
[Round "7.10"]
[White "Aronian, Levon"]
[Black "Sadhwani, Raunak"]
[Result "1-0"]
[WhiteTitle "GM"]
[BlackTitle "GM"]
[WhiteElo "2729"]
[BlackElo "2638"]
[WhiteFideId "13300474"]
[BlackFideId "35093487"]
[EventDate "2025.12.29"]

1. e4 e5 2. Nf3 Nc6 3. Be2 Nf6 4. d3 Bc5 5. c3 d6 6. Nbd2 a5 7. Nf1 h6 8. h3 d5
9. Qc2 Be6 10. Ng3 d4 11. O-O O-O 12. a4 Qe7 13. Kh1 Rfd8 14. Nh2 Nd7 15. f4
exf4 16. Bxf4 Bd6 17. Nf5 Bxf5 18. exf5 Nf6 19. Ng4 Nxg4 20. Bxg4 Bxf4 21. Rxf4
Qd6 22. Re4 Re8 23. Bf3 Rad8 24. Rxe8+ Rxe8 25. Be4 b6 26. Rf1 f6 27. Qb3+ Kh7
28. Qb5 Rxe4 29. dxe4 d3 30. Qd5 Qg3 31. Qxc6 d2 32. Qc4 Qe3 33. e5 fxe5 34. f6
Qe1 35. f7 d1=Q 36. f8=Q 1-0

[Event "World Blitz 2025"]
[Site "Doha QAT"]
[Date "2025.12.29"]
[Round "7.12"]
[White "Paravyan, David"]
[Black "Duda, Jan-Krzysztof"]
[Result "1/2-1/2"]
[WhiteTitle "GM"]
[BlackTitle "GM"]
[WhiteElo "2582"]
[BlackElo "2729"]
[WhiteFideId "4194985"]
[BlackFideId "1170546"]
[EventDate "2025.12.29"]

1. e4 e5 2. Nf3 Nf6 3. Nxe5 d6 4. Nf3 Nxe4 5. Qe2 Qe7 6. d3 Nf6 7. Bd2 Nc6 8.
Qxe7+ Bxe7 9. g3 Bd7 10. Bg2 O-O-O 11. Nc3 Rde8 12. O-O h6 13. Rab1 Nh7 14. Nd5
Bd8 15. Bc3 Rhg8 16. b4 Ne7 17. Nd4 Ng5 18. Nf4 Ne6 19. Nfe2 Nxd4 20. Nxd4 Nf5
21. Nxf5 Bxf5 22. Rfe1 g6 23. b5 Bd7 24. a4 Rxe1+ 25. Rxe1 Re8 26. Rb1 Re2 27.
Rc1 Bg5 28. f4 Bd8 29. Bf3 Re8 30. Bd4 a6 31. Rb1 a5 32. Kf2 h5 33. Bd5 Be6 34.
Re1 Re7 35. Bf6 Re8 36. Bxd8 Kxd8 37. Bxb7 h4 38. Bc6 Rh8 39. Kg2 hxg3 40. hxg3
Ke7 41. c4 Kf6 42. Rb1 Bh3+ 43. Kf3 Bf5 44. Be4 Bd7 45. d4 g5 46. fxg5+ Kxg5 47.
c5 dxc5 48. dxc5 Re8 49. Bd3 Re5 50. b6 Bxa4 51. b7 Bc6+ 52. Kf2 Bxb7 53. Rxb7
Rxc5 54. Rb8 Kf6 55. Ke3 Rg5 56. Kf4 Rd5 57. Be4 Rc5 58. Ra8 Ke6 59. g4 Kf6 60.
Ra6+ Ke7 61. g5 Rb5 62. Ra7 Kd6 63. Ra8 Ke7 64. Ra6 Kf8 65. Bd3 Rd5 66. Bf5 Rc5
67. Kg4 Rc4+ 68. Kh5 Rc5 69. Kg4 Rc4+ 70. Kf3 Rc5 71. Kf4 Ke7 72. Bb1 Rc4+ 73.
Kf5 Rc5+ 74. Kg4 Kf8 75. Rh6 a4 76. Ra6 Rc4+ 77. Kh5 Kg7 78. Ra7 Rc1 79. Be4 Rc4
80. Bf3 Rc3 81. Bd1 a3 82. Kg4 Rc4+ 83. Kf5 Rc5+ 84. Kf4 f6 85. gxf6+ Kxf6 86.
Rxa3 Rc4+ 87. Ke3 Ke5 88. Ra5+ Kd6 89. Bf3 Rc3+ 90. Kf4 Rc4+ 91. Be4 Rd4 92. Ke3
c5 93. Ra8 Rb4 94. Bd3 Rh4 95. Be4 Rh3+ 96. Bf3 Rh4 97. Rc8 Rc4 98. Kd3 Rd4+ 99.
Kc3 Rh4 100. Rc6+ Ke7 101. Rxc5 Rh3 102. Rf5 Ke6 103. Rf8 Ke5 104. Kd3 Rh4 105.
Ke3 Rb4 106. Re8+ Kd6 107. Be4 Rb2 108. Kf4 Rf2+ 109. Bf3 Rh2 110. Rc8 Rh4+ 111.
Kf5 Rb4 112. Rc6+ Kd7 113. Ke5 Rb1 114. Rd6+ Ke7 115. Re6+ Kd7 116. Bc6+ Kc7
117. Bd5 Re1+ 118. Be4 Kd7 119. Rd6+ Ke7 120. Ra6 Re2 121. Ra7+ Ke8 122. Rb7 Re1
123. Kf4 Kd8 124. Rf7 Rf1+ 125. Bf3 Ke8 126. Rh7 Kd8 127. Ke4 Re1+ 128. Kd5 Re7
129. Rh6 Rd7+ 130. Kc6 Rc7+ 131. Kb6 Rc3 132. Bd5 Kd7 133. Bc6+ Ke7 134. Kc7 Rd3
135. Rh4 Rd2 136. Re4+ Kf6 137. Bb5 Kf5 138. Re2 Rxe2 139. Bxe2 1/2-1/2

[Event "World Blitz 2025"]
[Site "Doha QAT"]
[Date "2025.12.29"]
[Round "7.13"]
[White "Vachier-Lagrave, Maxime"]
[Black "Gukesh, D"]
[Result "1-0"]
[WhiteTitle "GM"]
[BlackTitle "GM"]
[WhiteElo "2734"]
[BlackElo "2754"]
[WhiteFideId "623539"]
[BlackFideId "46616543"]
[EventDate "2025.12.29"]

1. e4 c5 2. Nf3 d6 3. Bb5+ Nd7 4. a4 Nf6 5. Nc3 g6 6. O-O Bg7 7. Re1 O-O 8. a5
a6 9. Bf1 b5 10. axb6 Qxb6 11. d3 Bb7 12. Nd2 Ne5 13. h3 Qc7 14. Nc4 Nxc4 15.
dxc4 e6 16. Bf4 Rfd8 17. Qd2 Bc6 18. Rad1 Qb7 19. Bg5 Rd7 20. Bd3 a5 21. b3 Qb4
22. Nb5 Qxd2 23. Bxd2 a4 24. bxa4 Rxa4 25. Rb1 h6 26. Bf4 Ne8 27. h4 Kh7 28. h5
g5 29. e5+ Kg8 30. Bg3 dxe5 31. Bxe5 Nf6 32. Nc3 Ra8 33. Rb6 Rc8 34. Be2 Rd2 35.
Bd3 Nd7 36. Bxg7 Nxb6 37. Bxh6 Nxc4 38. Bxg5 Rxd3 39. cxd3 Nb2 40. Re3 Kh7 41.
Bf6 Rg8 42. Ne4 Bxe4 43. dxe4 Nc4 44. Rc3 Nd6 45. f3 Kh6 46. Rxc5 Ne8 47. Bd4 f6
48. Be3+ Kh7 49. Rc6 e5 50. g4 Rf8 51. Kf2 Rf7 52. Kg3 Nc7 53. Rb6 Kg7 54. g5
fxg5 55. Bxg5 Kh7 56. Bf6 1-0

[Event "World Blitz 2025"]
[Site "Doha QAT"]
[Date "2025.12.29"]
[Round "7.14"]
[White "Artemiev, Vladislav"]
[Black "Pichot, Alan"]
[Result "1-0"]
[WhiteTitle "GM"]
[BlackTitle "GM"]
[WhiteElo "2641"]
[BlackElo "2597"]
[WhiteFideId "24101605"]
[BlackFideId "110973"]
[EventDate "2025.12.29"]

1. Nf3 Nf6 2. g3 d5 3. Bg2 e6 4. c4 Be7 5. d4 O-O 6. b3 a5 7. Nc3 c6 8. O-O b6
9. Nd2 Ba6 10. e4 b5 11. exd5 b4 12. d6 Qxd6 13. Nde4 Qd8 14. Na4 Nxe4 15. Bxe4
Ra7 16. Be3 Rd7 17. Qc2 g6 18. Rad1 Bd6 19. Nc5 Rc7 20. Bg2 Bc8 21. h4 Re8 22.
Ne4 Be7 23. Bf4 f5 24. Bxc7 Qxc7 25. Ng5 Bf6 26. Rfe1 c5 27. dxc5 e5 28. Rd6 Nd7
29. Bd5+ Kh8 30. c6 Bxg5 31. cxd7 Bxd7 32. Rxd7 1-0

[Event "World Blitz 2025"]
[Site "Doha QAT"]
[Date "2025.12.29"]
[Round "7.15"]
[White "Maksimovic, Bojan"]
[Black "Yu, Yangyi"]
[Result "0-1"]
[WhiteTitle "GM"]
[BlackTitle "GM"]
[WhiteElo "2533"]
[BlackElo "2717"]
[WhiteFideId "14408120"]
[BlackFideId "8603820"]
[EventDate "2025.12.29"]

1. d4 Nf6 2. Bg5 d5 3. Nd2 c6 4. e3 Bg4 5. f3 Bf5 6. g4 Bg6 7. Ne2 Nbd7 8. h4 h6
9. Bxf6 exf6 10. Nf4 Bh7 11. Bd3 Bxd3 12. Nxd3 Bd6 13. Qe2 Qa5 14. Kf2 h5 15. c4
hxg4 16. fxg4 dxc4 17. Nxc4 Qd5 18. Nxd6+ Qxd6 19. Rac1 O-O-O 20. Qf3 Rde8 21.
Nc5 Nxc5 22. Rxc5 Kb8 23. h5 Ka8 24. b4 Qe6 25. Ra1 Qd6 26. Rh1 Qe6 27. Ra1 Re7
28. Rac1 a6 29. R1c2 Rhe8 30. R5c3 Qd6 31. a3 Qh2+ 32. Kf1 Qd6 33. Kg2 Re4 34.
Kh3 g6 35. Rf2 Qe6 36. hxg6 fxg6 37. Kg3 f5 38. gxf5 gxf5 39. Kg2 Rxe3 40. Rxe3
Qxe3 41. Qxe3 Rxe3 42. a4 Rb3 43. Rxf5 Rxb4 44. a5 Rxd4 45. Rf1 Ra4 46. Rf5 Rb4
47. Rf1 Rb5 48. Ra1 Re5 49. Kf3 Kb8 50. Kf4 Re2 51. Kf3 Re7 52. Kf4 Kc7 53. Rd1
Rd7 54. Ra1 Re7 55. Rd1 c5 56. Rb1 Kc6 57. Rb6+ Kd5 58. Kf3 c4 0-1

[Event "World Blitz 2025"]
[Site "Doha QAT"]
[Date "2025.12.29"]
[Round "7.16"]
[White "Praggnanandhaa, R"]
[Black "Isanzhulov, Arystan"]
[Result "1-0"]
[WhiteTitle "GM"]
[BlackTitle "IM"]
[WhiteElo "2761"]
[BlackElo "2419"]
[WhiteFideId "25059530"]
[BlackFideId "13711644"]
[EventDate "2025.12.29"]

1. e4 c6 2. Nf3 d5 3. Nc3 dxe4 4. Nxe4 Nf6 5. Qe2 Na6 6. d3 Bg4 7. Bd2 e6 8. a3
Be7 9. h3 Bh5 10. Ng3 Bg6 11. Ne5 Qd5 12. h4 O-O 13. h5 Bf5 14. h6 g6 15. c4 Qd4
16. Bc3 Qf4 17. Nxf5 Qxf5 18. O-O-O Nc5 19. Kb1 Na4 20. Bd2 Bd6 21. f4 Bxe5 22.
fxe5 Ng4 23. Re1 Rfd8 24. Rh3 Qf2 25. Qxf2 Nxf2 26. Rg3 b5 27. Kc2 bxc4 28. dxc4
Nxb2 29. Bg5 Nbd3 30. Bxd3 Rd7 31. Rf3 Ng4 32. Re4 Nh2 33. Rh3 1-0

[Event "World Blitz 2025"]
[Site "Doha QAT"]
[Date "2025.12.29"]
[Round "7.17"]
[White "Nepomniachtchi, Ian"]
[Black "Pranav, V"]
[Result "0-1"]
[WhiteTitle "GM"]
[BlackTitle "GM"]
[WhiteElo "2723"]
[BlackElo "2641"]
[WhiteFideId "4168119"]
[BlackFideId "25060783"]
[EventDate "2025.12.29"]

1. c4 e5 2. g3 d5 3. cxd5 Qxd5 4. Nf3 Nc6 5. Nc3 Qd8 6. Bg2 Nf6 7. O-O h6 8. b4
Bd6 9. b5 Nd4 10. a4 O-O 11. d3 a6 12. Rb1 axb5 13. Nxd4 exd4 14. Nxb5 c6 15.
Nxd6 Qxd6 16. Qc2 Re8 17. Bf4 Qd8 18. Rb4 Qe7 19. Rb2 Bg4 20. Re1 Qd7 21. Qc5
Rxa4 22. Be5 Nh7 23. Reb1 Qe6 24. Bxd4 Ng5 25. Be3 Nh3+ 26. Kf1 Ra2 27. Qc2 Rxb2
28. Qxb2 b5 29. Rc1 Qf5 30. Qd4 Bxe2+ 31. Ke1 Bg4 32. Be4 Qe6 33. Kd2 Ng5 34.
Bxg5 hxg5 35. Rxc6 Qa2+ 36. Rc2 Qa5+ 37. Qc3 b4 38. Qc5 Qa3 39. f3 Be6 40. Qd6
Qa5 41. Qc5 Qa3 42. h4 gxh4 43. gxh4 Qa1 44. Qxb4 Qg1 45. Qc5 Qh2+ 46. Kc1 Qxh4
47. Qf2 Qf4+ 48. Qd2 Qe5 49. Qc3 Qg5+ 50. Qd2 Qg1+ 51. Qd1 Qxd1+ 52. Kxd1 Bb3
53. Kd2 Bxc2 54. Kxc2 g6 55. d4 f5 56. Bd5+ Kg7 57. Kd3 Kf6 58. Kc4 Re1 59. Ba8
Rd1 60. Bb7 Kg5 61. Kc5 Kf4 62. Bc6 g5 63. Bd7 g4 64. fxg4 fxg4 65. d5 g3 66.
Bh3 Ke5 67. Bg2 Rd2 0-1

[Event "World Blitz 2025"]
[Site "Doha QAT"]
[Date "2025.12.29"]
[Round "7.18"]
[White "Andreikin, Dmitry"]
[Black "Shimanov, Aleksandr"]
[Result "1/2-1/2"]
[WhiteTitle "GM"]
[BlackTitle "GM"]
[WhiteElo "2710"]
[BlackElo "2578"]
[WhiteFideId "4158814"]
[BlackFideId "4198603"]
[EventDate "2025.12.29"]

1. Nf3 Nf6 2. c4 g6 3. b4 Bg7 4. Bb2 O-O 5. e3 b6 6. Be2 c5 7. bxc5 bxc5 8. O-O
d6 9. Nc3 Nbd7 10. Rb1 Rb8 11. Qc2 Bb7 12. Ba1 Bc6 13. d4 cxd4 14. exd4 Rc8 15.
d5 Ba8 16. Qa4 Nb6 17. Qa6 Nfd7 18. Rfc1 Rc5 19. Nb5 Bxa1 20. Rxa1 Qc8 21. Qxc8
Rfxc8 22. Nxa7 R8c7 23. Nb5 Rc8 24. Na7 R8c7 25. Nb5 Rc8 26. Na7 1/2-1/2

[Event "World Blitz 2025"]
[Site "Doha QAT"]
[Date "2025.12.29"]
[Round "7.19"]
[White "Naiditsch, Arkadij"]
[Black "Sevian, Samuel"]
[Result "1/2-1/2"]
[WhiteTitle "GM"]
[BlackTitle "GM"]
[WhiteElo "2574"]
[BlackElo "2688"]
[WhiteFideId "4650891"]
[BlackFideId "2040506"]
[EventDate "2025.12.29"]

1. e4 e6 2. d4 d5 3. exd5 exd5 4. Nf3 Nf6 5. Bd3 c5 6. c3 c4 7. Bc2 Bd6 8. Qe2+
Be6 9. Ng5 Qe7 10. Nxe6 fxe6 11. f4 O-O 12. O-O Nc6 13. Nd2 g6 14. Nf3 Nh5 15.
g3 Ng7 16. Bd2 Rae8 17. Ne5 Qc7 18. Rae1 Nf5 19. g4 Nfxd4 20. cxd4 Nxd4 21. Qd1
Nxc2 22. Qxc2 b5 23. Be3 g5 24. Bd4 gxf4 25. Qf2 f3 26. Qh4 Qe7 27. Qxe7 Rxe7
28. Rxf3 Rxf3 29. Nxf3 a5 30. Be5 Bb4 31. Re2 a4 32. a3 Bc5+ 33. Kg2 b4 34. axb4
Bxb4 35. h4 Bc5 36. h5 h6 37. g5 hxg5 38. Nxg5 d4 39. h6 a3 40. bxa3 c3 41. Kf3
d3 42. Rg2 c2 43. h7+ Rxh7 44. Nxh7+ Kxh7 45. Bf4 Bxa3 46. Rg1 Bb4 47. Rc1 d2
48. Bxd2 Bxd2 49. Rxc2 Bg5 50. Ke4 Kg6 51. Ke5 Be3 52. Kxe6 Kg5 53. Rc4 Bb6 54.
Kd5 Bd8 55. Ke4 Bb6 56. Rc6 Bd8 57. Ra6 Bc7 58. Rc6 Bd8 59. Rc5+ Kf6 60. Kd5 Kf5
61. Rc8 Be7 62. Re8 Kf6 63. Rh8 Kf5 64. Rh7 Kf6 65. Rh5 Ba3 66. Ke4 Bb4 67. Rh6+
Ke7 68. Kd5 Bc3 69. Rc6 Bb2 70. Rc2 Bg7 71. Rc7+ Kf6 72. Rb7 Bf8 73. Rb3 1/2-1/2

[Event "World Blitz 2025"]
[Site "Doha QAT"]
[Date "2025.12.29"]
[Round "7.20"]
[White "Sarana, Alexey"]
[Black "Vokhidov, Shamsiddin"]
[Result "1/2-1/2"]
[WhiteTitle "GM"]
[BlackTitle "GM"]
[WhiteElo "2673"]
[BlackElo "2641"]
[WhiteFideId "24133795"]
[BlackFideId "14204223"]
[EventDate "2025.12.29"]

1. d4 Nf6 2. c4 e6 3. Nf3 d5 4. Nc3 Be7 5. cxd5 exd5 6. Bf4 c6 7. e3 Nh5 8. Qc2
Nxf4 9. exf4 Bd6 10. g3 Qe7+ 11. Be2 Bg4 12. Ne5 Bxe2 13. Qxe2 O-O 14. O-O f6
15. Nf3 Qxe2 16. Nxe2 Re8 17. Nc3 Na6 18. Kg2 Nc7 19. Rac1 Kf7 20. f5 g6 21.
fxg6+ hxg6 22. h4 Re7 23. Rc2 Ne6 24. Nd1 Rae8 25. Ne3 Ng7 26. Rc3 Re4 27. Rd3
Nh5 28. Re1 a6 29. Kf1 Ng7 30. a3 R4e7 31. Nc2 Re4 32. Nd2 Rxe1+ 33. Nxe1 g5 34.
hxg5 fxg5 35. Ndf3 Kf6 36. Nc2 Nf5 37. Rb3 Re7 38. Nh2 Kg6 39. Ng4 Re4 40. Nge3
Nxe3+ 41. Nxe3 Re7 42. g4 Bf4 43. Nf5 Rh7 44. Ke2 Kf6 45. Ng3 Bxg3 46. Rxg3 Re7+
47. Re3 Rh7 48. Rf3+ Kg6 49. Rb3 Kf6 50. a4 Re7+ 51. Re3 Rxe3+ 52. Kxe3 a5 53.
f4 b6 54. f5 c5 55. Kd3 Ke7 56. Kc3 Kd6 57. Kb3 Ke7 58. Kc2 Kf6 59. b3 Ke7 60.
Kc3 1/2-1/2